Normal view
MARC view
Entry Personal Name
001 - CONTROL NUMBER
- control field: 13026
003 - CONTROL NUMBER IDENTIFIER
- control field: NUST
005 - DATE AND TIME OF LATEST TRANSACTION
- control field: 20190110063354.0
008 - FIXED-LENGTH DATA ELEMENTS
- fixed length control field: 190110|| aca||aabn | a|a d
040 ## - CATALOGING SOURCE
- Original cataloging agency: NUST
- Transcribing agency: NUST
100 ## - HEADING--PERSONAL NAME
- Personal name:
- Form subdivision: 1.Drug and Design 2.Neural networks
670 ## - SOURCE DATA FOUND
- Source citation: Work cat.: (NUST)24552: Jure Zupan 13017, Neural Networks in Chemistry and Drug Design , 1999.
